Approved practices in soil conservation (Record no. 35157)

MARC details
000 -LEADER
fixed length control field 00454nam a22001577a 4500
003 - CONTROL NUMBER IDENTIFIER
control field OSt
005 - DATE AND TIME OF LATEST TRANSACTION
control field 20220418145728.0
008 - FIXED-LENGTH DATA ELEMENTS--GENERAL INFORMATION
fixed length control field 220418b |||||||| |||| 00| 0 eng d
040 ## - CATALOGING SOURCE
Transcribing agency HU
082 ## - DEWEY DECIMAL CLASSIFICATION NUMBER
Classification number 631.45
100 ## - MAIN ENTRY--PERSONAL NAME
Personal name Foster, Albert B.
9 (RLIN) 14516
245 ## - TITLE STATEMENT
Title Approved practices in soil conservation
Statement of responsibility, etc. Foster, Albert B. (Albert Beryl), 1906-
260 ## - PUBLICATION, DISTRIBUTION, ETC.
Place of publication, distribution, etc. USA
Name of publisher, distributor, etc. THE INTERSTATE
Date of publication, distribution, etc. 1973
300 ## - PHYSICAL DESCRIPTION
Extent xxii,497 p
Other physical details pc
Dimensions 24
942 ## - ADDED ENTRY ELEMENTS (KOHA)
Source of classification or shelving scheme Dewey Decimal Classification
Koha item type Books like text book referance book
Suppress in OPAC No
Holdings
Withdrawn status Lost status Source of classification or shelving scheme Damaged status Not for loan Collection code Home library Current library Shelving location Date acquired Total Checkouts Full call number Barcode Date last seen Copy number Price effective from Koha item type
    Dewey Decimal Classification Damaged   Reference Wondo Genet Library Wondo Genet Library General Stacks 04/18/2022   631.4'5 FOS 1973 WGCFNRL00019407 04/18/2022 1 04/18/2022 Books like text book referance book